000 00803nam a2200217 i 4500
001 104060
003 ES-MaACL
005 20250809054902.0
007 t|
008 051122s1950 sp ||||1| spa d
100 1 _aMezger, Edmund.
_980828
245 1 0 _aCriminología /
_cEdmundo Mezger; traducción del alemán por José Arturo Rodríguez Muñoz...
260 _aMadrid :
_bRevista de Derecho Privado,
_c1950.
300 _aVIII, 301 p. ;
_c23 cm.
490 1 _aGrandes tratados generales de derecho privado y público. Serie C ;
_v21
650 4 _aCriminología.
_9135832
700 1 _aRodríguez Muñoz, José Arturo.
_998694
830 0 0 _aGrandes tratados generales de derecho privado y público
_v21
_9233176
852 _aES-MaACL
_jC-5890
_bR.34855
999 _c104060
_d104060